00726nam a2200169Ia 4500008004100000020001800041041000800059082001300067100003800080245020400118250000600322260004500328300001200373650002500385999001900410952012700429210716s2015 xx 000 0 und d a9780194420822 aeng a425 SWAM aSwan, Michael; Walter, Catherine. aOxford english grammar course: a grammar practice book for intermediate and upper-intermediate students of english.bGrammar practice book for intermediate and upper-intermediate students of english. a1 aNew DelhibOxford University Pressc2015 axiv,386 aEnglish grammar(425) c193719d193719 001040708MCAaAIMITbAIMITeKnowledge Worldg645.00l0o425 SWAMpMCA13227r2025-07-21 00:00:00v483.75w2021-07-16yBK